Piosenki zespołu ABBA - Nagła Śmierć - Statystyki

Ogólne statystyki
  • Ten quiz został rozwiązany 2 466 razy
  • Średni wynik to 11 z 20
Answers on the Grid
Answers color-coded by a green-red scale on the quiz's grid according to % correct below.
Agincourt
All That She Wants
Alpha Papa
Chiquitita
Ciao Bella
Dancing Queen
Does Your Mother Know
Don't Speak
Fernando
Gimme! Gimme! Gimme! (A Man After Midnight)
Honey, Honey
I Have A Dream
It Must Have Been Love
Killer Queen
Knowing Me, Knowing You
Lay All Your Love On Me
Mamma Mia
Meet Me In Valevåg
Money, Money, Money
No, No, No, No, No!
Rasputin
Rock Me Amadeus
Slipping Through My Fingers
SOS
Super Trouper
Take A Chance On Me
Thank You For The Music
The Final Countdown
The Name Of The Game
The Winner Takes It All
Until Tomorrow
Voulez-Vous
Waterloo
 
Statystyki odpowiedzi
Odpowiedź % Poprawnych
Dancing Queen
85%
Gimme! Gimme! Gimme! (A Man After Midnight)
85%
Mamma Mia
81%
Waterloo
74%
Money, Money, Money
73%
Honey, Honey
60%
The Winner Takes It All
60%
Chiquitita
59%
Super Trouper
57%
Voulez-Vous
55%
Fernando
53%
Lay All Your Love On Me
52%
SOS
49%
Take A Chance On Me
46%
Knowing Me, Knowing You
44%
I Have A Dream
38%
Thank You For The Music
36%
Does Your Mother Know
34%
Slipping Through My Fingers
32%
The Name Of The Game
19%
Nie znaleziono quizów pasujących do podanych kryteriów
Rozkład punktacji
Procent ludzi z każdym wynikiem
Percentyl według liczby udzielonych odpowiedzi
Twoja historia wyników
Nie rozwiązałeś tego quizu